000 00437nam a2200181Ia 4500
005 20250603144650.0
008 250603s9999 xx 000 0 und d
020 _a8120316827
050 _aTK 7871.99.M44 . B35/
100 _aBaker, R. Jacob
245 0 _aCMOS : circuit design, layout, and simulation
260 _aNew Delhi
260 _bIEEE press
260 _c1998
300 _a902 p
650 _aNew Delhi
942 _cBK
999 _c39591
_d39591